000 00528nam a2200181Ia 4500
999 _c32390
_d32390
003 OSt
005 20200728132429.0
008 190216s9999||||xx |||||||||||||| ||und||
020 _a9788120338531
040 _coclc
082 _a515.3
_bAKH/T
100 _aAkhtar, Ahsan
_93830
245 0 _aTextbook Of Differential Calculus /
_cAhsan Akhtar ; Sabiha Ahsan
260 _bPhi Learning,
_c2009.
_aNew Delhi:
300 _a451p
650 _aMathematics
942 _cBK
_2ddc
_h515.3
_iAKH/T
_k515.3
_mAKH/T